000 00420nam a2200181Ia 4500
008 210210b1947 xxu||||| |||| 00| 0 eng d
041 _aeng
082 _a825/369
100 _aGRANVILLE (Barker H)
245 _aUse of the drama
260 _aLondon
_bSidgwick and Jackson Limited
_c1947
650 _aUse
650 _athe
650 _aof
650 _adrama
690 _aEnglish Criticism
906 _a014685
999 _c133900
_d133900